| 000 | 00491nam a2200193 4500 | ||
|---|---|---|---|
| 001 | 12492 | ||
| 005 | 20230410105600.0 | ||
| 008 | 060907n1976 dr spa | ||
| 020 | _a0024188204 | ||
| 035 | _9funglode12592 | ||
| 041 | _aEN | ||
| 050 | 1 | 4 | _aHD 20.5 T125o 1976 |
| 100 | _aTaha, A. Hamdy | ||
| 245 | 1 |
_aOperations research / _cHamdy A. Taha |
|
| 250 | _a2 | ||
| 260 |
_aNew York : _bMcMillan Publishing Co., Inc., _c1976 |
||
| 300 | _axiv, 648 p. | ||
| 942 |
_2lcc _cbk |
||
| 999 |
_c39661 _d39661 |
||